00818nam a2200241 b 4500001000800000003000900008005001700017007000800034008004100042016000600083020001500089035000600104040002500110080000600135100003100141245020400172250000600376260007100382300001900453490002700472700002800499830004900527 02122 DO-SdBNP20180118110132.0 02122 060801s2002 it | ||| ||spa 7 a  a8888405119 a  aBPMSUbspacBPMSUe  0a 1 aVerga, Giovannid1840-192210aCavalleria rusticana :h bcuentos sicilianos /cGiovanni Verga ; traducción de Cripriano Rivas Cherif, revisada por Nieves Arribas ; introducción de Pierfranco Bruni ; edición de Danilo Manera a  aMartorano di Cesena [Italia] ;bArci Solidarietà Cesenate,c2002 a95 p. ;c17 cm1 aUn mar de sueñosv11 aRivas Cherif, Cripriano 3aUn mar de sueños (Martorano di Cesena)v11